Interpretación y estudio crítico de los estados de pérdidas y ganancias (Registro nro. 2100)

Detalles MARC
000 -LEADER
fixed length control field 01646 a2200205 4500
001 - CONTROL NUMBER
control field 30660
005 - DATE AND TIME OF LATEST TRANSACTION
control field 20260407155616.0
008 - FIXED-LENGTH DATA ELEMENTS--GENERAL INFORMATION
fixed length control field 260407a1964 arg spa d
003 - CONTROL NUMBER IDENTIFIER
control field AR-UNSa-BCEJYS
040 ## - CATALOGING SOURCE
Original cataloging agency AR-UNSa-BCEJYS
Language of cataloging spa
Transcribing agency AR-UNSa-BCEJYS
080 ## - UNIVERSAL DECIMAL CLASSIFICATION NUMBER
Universal Decimal Classification number 657.44
Common auxiliary subdivision Cuentas de pérdidas y ganancias
100 1# - MAIN ENTRY--PERSONAL NAME
Personal name Andany Sanz, Angel
245 10 - TITLE STATEMENT
Title Interpretación y estudio crítico de los estados de pérdidas y ganancias
264 #1 - PRODUCTION, PUBLICATION, DISTRIBUTION, MANUFACTURE, AND COPYRIGHT NOTICE
Place of production, publication, distribution, manufacture Barcelona :
Name of producer, publisher, distributor, manufacturer Labor
Date of production, publication, distribution, manufacture, or copyright notice 1964
300 ## - PHYSICAL DESCRIPTION
Extent 352 p.
Dimensions 23 cm.
505 ## - FORMATTED CONTENTS NOTE
Formatted contents note 1. Formas de los estados de pérdidas y ganancias - 2. Ventas brutas,ventas líquidas y análisis de ventas - 3. Coste de los artículos vendidos - 4. Partidas esenciales de coste en las cuentas de pérdidas y ganancias - 5. Gastos por inactividad e intereses sobre el capital invertido - 6. Beneficio bruto,gastos de venta y de administración - 7. Beneficio liquido de explotación,otros productos y distribución de beneficios - 8. Beneficios con relación a dividendos e intereses de deuda consolidada - 9. Distribución de beneficios - 10. Dividendos en acciones - 11. Superávit y pérdidas y ganancias - 12. Consolidación de estados de pérdidas y ganancias - 13. Compras y ventas entre compañias agrupadas - 14. Análisis de los estados de pérdidas y ganancias - 15. Relación del estado de pérdidas y ganancias con el balance de situación - 16. El estado de pérdidas y ganancias como signo de los defectos de dirección - 17. Manipulaciones en los estados de pérdidas y ganancias para ocultar los verdaderos resultados.
590 ## - LOCAL NOTE (RLIN)
Local note niveau_biblio:m niveau_hierar:0
700 1# - ADDED ENTRY--PERSONAL NAME
Personal name Stockwell, Herbert G.
942 ## - ADDED ENTRY ELEMENTS (KOHA)
Koha item type
Existencias
Withdrawn status Lost status Damaged status Not for loan Home library Current library Shelving location Date acquired Total checkouts Full call number Barcode Date last seen Price effective from Koha item type
        Biblioteca Prof. Eusebio Cleto del Rey Biblioteca Prof. Eusebio Cleto del Rey   07/04/2026   657.44 S864 L22437 07/04/2026 07/04/2026 Libro
        Biblioteca Prof. Eusebio Cleto del Rey Biblioteca Prof. Eusebio Cleto del Rey   07/04/2026   657.44 S864 L22438 07/04/2026 07/04/2026 Libro